Statistics for Family Feud:Name Something In A Person’s Closet That Only Comes Out On

Click here to take the quiz!

General Stats

  • This quiz has been taken 100 times
  • The average score is 2 of 6

Answer Stats

HintAnswer% Correct
3Dress
86%
2Suit
73%
1Tux
34%
4Jewelry
16%
5Dress shoes
12%
6Shotgun
6%

Score Distribution

Percentile by Number Answered

Percent of People with Each Score

Your Score History

You have not taken this quiz